000 00616nam a2200241Ia 4500
003 OSt
005 20221005122012.0
006 a|||||r|||| 00| 0
007 ta
008 221004b |||||||| |||| 00| 0 eng d
024 _a34029
037 _cTextual
040 _aCRL
_cCRL
_beng
041 _2eng
_aeng
082 _aN5448291, J9
100 _aArcher W G
_93740
245 0 _aIndian painting in Bundi and Kota
260 _c1959
490 _a(Victoria and Albert museum monograph,13).
650 _aARTS
942 _hN5448291, J9
_cTEXL
_2cc
999 _c1042963
_d1042963